[Event "Ciudad de Pamplona Op"]
[Site "Pamplona ESP"]
[Date "2006.12.22"]
[Round "1.7"]
[White "Otano Villanueva, Joseba"]
[Black "Cortes Lizano, Jesus"]
[Result "0-1"]
[WhiteElo "1805"]
[BlackElo "2270"]
[PlyCount "64"]
[EventDate "2006.12.22"]
[EventType "swiss"]
[EventRounds "9"]
[EventCountry "ESP"]
[Source ""]
[SourceDate "2006.12.22"]

1. e4 c5 2. Nf3 d6 3. d4 cxd4 4. Nxd4 Nf6 5. Nc3 a6 6. f3 e6 7. Be3 b5 8. Bd3
Bb7 9. Qe2 Nbd7 10. O-O Be7 11. Qf2 O-O 12. Nce2 d5 13. exd5 Nxd5 14. Bd2 Bc5
15. Kh1 e5 16. Qg3 exd4 17. Bh6 Qf6 18. Bg5 Qd6 19. Qh4 h6 20. Ng3 Ne3 21. Bf4
Qf6 22. Qh3 Qxf4 23. Qxd7 Bd5 24. Rf2 Rad8 25. Qh3 Be6 26. Ne2 Qf6 27. g4 Nxg4
28. fxg4 Qxf2 29. Ng3 Rfe8 30. Be4 Bc4 31. g5 Rxe4 32. Nxe4 Bd5 0-1

[Event "Ciudad de Pamplona Op"]
[Site "Pamplona ESP"]
[Date "2006.12.23"]
[Round "2.1"]
[White "Strikovic, Aleksa"]
[Black "Riera Morilla, Elizabeth"]
[Result "1-0"]
[WhiteElo "2535"]
[BlackElo "1935"]
[PlyCount "81"]
[EventDate "2006.12.22"]
[EventType "swiss"]
[EventRounds "9"]
[EventCountry "ESP"]
[Source ""]
[SourceDate "2006.12.22"]

1. c4 e5 2. Nc3 Nc6 3. Nf3 Bc5 4. e3 d6 5. d4 Bb6 6. c5 dxc5 7. d5 Nce7 8. Nxe5
Nf6 9. e4 Ng6 10. Nc4 O-O 11. Be2 Re8 12. f3 Nh5 13. g3 Bh3 14. Be3 Qe7 15. Qd2
Nf6 16. O-O-O Ne5 17. Nxe5 Qxe5 18. Rhe1 Rad8 19. f4 Qe7 20. e5 Ba5 21. Bb5 Ne4
22. Qc2 Nxc3 23. bxc3 c6 24. d6 Qe6 25. Bd3 g6 26. Bxc5 b6 27. Bb4 Bxb4 28.
cxb4 c5 29. Bc4 Qd7 30. b5 Bf5 31. Qb3 Kg7 32. a4 h5 33. Kb2 Bg4 34. Rd2 Be6
35. Bd5 Bxd5 36. Qxd5 Qe6 37. Qxe6 Rxe6 38. Kc3 f5 39. a5 Kf7 40. axb6 axb6 41.
Ra1 1-0

[Event "Ciudad de Pamplona Op"]
[Site "Pamplona ESP"]
[Date "2006.12.23"]
[Round "2.2"]
[White "Lisarri Tomas, Antonio"]
[Black "Conquest, Stuart"]
[Result "0-1"]
[WhiteElo "1954"]
[BlackElo "2530"]
[PlyCount "44"]
[EventDate "2006.12.22"]
[EventType "swiss"]
[EventRounds "9"]
[EventCountry "ESP"]
[Source ""]
[SourceDate "2006.12.22"]

1. e4 c5 2. Nf3 e6 3. d3 Nc6 4. g3 g6 5. Bg2 Bg7 6. O-O Nge7 7. c3 d5 8. Nbd2
b6 9. Re1 h6 10. h4 a5 11. Qc2 Ba6 12. c4 Nb4 13. Qb3 O-O 14. exd5 a4 15. Qd1
Nxd3 16. dxe6 a3 17. exf7+ Rxf7 18. Ne5 Bxe5 19. Rxe5 Nxe5 20. Qe2 N7c6 21. f4
Qd4+ 22. Kh2 axb2 0-1

[Event "Ciudad de Pamplona Op"]
[Site "Pamplona ESP"]
[Date "2006.12.23"]
[Round "2.3"]
[White "Magem Badals, Jordi"]
[Black "Eguia Cambero, Ignacio J"]
[Result "1-0"]
[WhiteElo "2487"]
[BlackElo "1835"]
[PlyCount "57"]
[EventDate "2006.12.22"]
[EventType "swiss"]
[EventRounds "9"]
[EventCountry "ESP"]
[Source ""]
[SourceDate "2006.12.22"]

1. e4 c5 2. Nf3 Nc6 3. d4 cxd4 4. Nxd4 g6 5. c4 Bg7 6. Nc2 Nf6 7. Nc3 O-O 8.
Be2 b6 9. O-O Bb7 10. Be3 d6 11. Qd2 Rc8 12. f3 Qd7 13. Rfd1 Rfd8 14. Rac1 Qe8
15. Bf1 Ne5 16. Na3 Ba6 17. b3 Qc6 18. Nab5 Bxb5 19. Nxb5 Qb7 20. b4 a6 21. Nd4
Rc7 22. Rc2 Rdc8 23. Rdc1 Ned7 24. Nb3 Ne8 25. a4 a5 26. c5 dxc5 27. bxa5 bxa5
28. Bb5 c4 29. Nxa5 1-0

[Event "Ciudad de Pamplona Op"]
[Site "Pamplona ESP"]
[Date "2006.12.23"]
[Round "2.4"]
[White "Oms Fuentes, Lluis"]
[Black "Escofet Llongueras, Joan"]
[Result "1-0"]
[WhiteElo "2327"]
[BlackElo "1855"]
[PlyCount "49"]
[EventDate "2006.12.22"]
[EventType "swiss"]
[EventRounds "9"]
[EventCountry "ESP"]
[Source ""]
[SourceDate "2006.12.22"]

1. e4 e6 2. d4 d5 3. Nc3 Nf6 4. e5 Nfd7 5. Nce2 c5 6. c3 Nc6 7. f4 f5 8. Nf3
Qb6 9. g3 a6 10. Bh3 Nd8 11. g4 g6 12. Ng3 cxd4 13. Nxd4 Nc5 14. b4 Ne4 15.
Nxe4 dxe4 16. Be3 Qc7 17. Qb3 Qe7 18. O-O-O Bd7 19. Rd2 Rc8 20. Kb2 Bc6 21.
gxf5 gxf5 22. Nxf5 exf5 23. Bxf5 Rb8 24. Rhd1 Qc7 25. Bg4 1-0

[Event "Ciudad de Pamplona Op"]
[Site "Pamplona ESP"]
[Date "2006.12.23"]
[Round "2.5"]
[White "Cortes Lizano, Jesus"]
[Black "Porras Mateo, Alejandra"]
[Result "1-0"]
[WhiteElo "2270"]
[BlackElo "1794"]
[PlyCount "51"]
[EventDate "2006.12.22"]
[EventType "swiss"]
[EventRounds "9"]
[EventCountry "ESP"]
[Source ""]
[SourceDate "2006.12.22"]

1. c4 e6 2. Nc3 d5 3. d4 Nf6 4. cxd5 exd5 5. Bg5 c6 6. e3 Bd6 7. Qc2 Nbd7 8.
Bd3 h6 9. Bxf6 Nxf6 10. h3 O-O 11. Nf3 Re8 12. O-O-O b6 13. g4 Bb7 14. Rhg1 c5
15. h4 cxd4 16. Nxd4 Be5 17. Bf5 Qc7 18. g5 hxg5 19. hxg5 Ne4 20. g6 fxg6 21.
Bxg6 Bxd4 22. Rxd4 Rf8 23. Rxe4 dxe4 24. Qb3+ Rf7 25. Rh1 Rd8 26. Bxf7+ 1-0

[Event "Ciudad de Pamplona Op"]
[Site "Pamplona ESP"]
[Date "2006.12.23"]
[Round "2.7"]
[White "Garcia Paolicchi, Raul"]
[Black "Leranoz Zabalza, Adrian"]
[Result "0-1"]
[WhiteElo "2233"]
[BlackElo "2026"]
[PlyCount "78"]
[EventDate "2006.12.22"]
[EventType "swiss"]
[EventRounds "9"]
[EventCountry "ESP"]
[Source ""]
[SourceDate "2006.12.22"]

1. d4 Nf6 2. Nf3 e6 3. c4 Nc6 4. g3 Bb4+ 5. Bd2 Bxd2+ 6. Nbxd2 O-O 7. Bg2 d6 8.
O-O e5 9. d5 Ne7 10. Ne1 Nd7 11. b4 f5 12. Rc1 Nf6 13. Qb3 b6 14. Nc2 a5 15. a3
a4 16. Qa2 g5 17. f4 gxf4 18. gxf4 e4 19. Nd4 Ng6 20. Nc6 Qe8 21. e3 Bd7 22. c5
bxc5 23. bxc5 Bxc6 24. dxc6+ d5 25. Nb1 Qxc6 26. Rfd1 Ne7 27. Nc3 Ra5 28. Ne2
Rxc5 29. Qd2 Rxc1 30. Rxc1 Qb6 31. Qd4 Ng4 32. Rc3 Rb8 33. h3 Qxd4 34. Nxd4
Rb1+ 35. Bf1 c5 36. Nc2 Rb3 37. Rxc5 Nxe3 38. Nxe3 Rxe3 39. Ra5 Rxa3 0-1

[Event "Ciudad de Pamplona Op"]
[Site "Pamplona ESP"]
[Date "2006.12.23"]
[Round "2.8"]
[White "Fahmy Moursy, Tarek"]
[Black "Ugalde Ezcurra, Jose Miguel"]
[Result "0-1"]
[WhiteElo "1878"]
[BlackElo "2215"]
[PlyCount "86"]
[EventDate "2006.12.22"]
[EventType "swiss"]
[EventRounds "9"]
[EventCountry "ESP"]
[Source ""]
[SourceDate "2006.12.22"]

1. f4 d5 2. Nf3 Bg4 3. e3 Nd7 4. Nc3 Ngf6 5. Be2 e6 6. b3 Bd6 7. Bb2 c6 8. h3
Bxf3 9. Bxf3 e5 10. fxe5 Nxe5 11. Qe2 Qe7 12. O-O-O Ba3 13. d4 Nc4 14. bxc4
Bxb2+ 15. Kxb2 Qb4+ 16. Kc1 Qxc3 17. Qd3 Qa5 18. Qb3 O-O 19. Rhe1 dxc4 20. Qxc4
Nd5 21. Bxd5 cxd5 22. Qb3 Rac8 23. Re2 Rc3 24. Qb2 Rfc8 25. e4 h6 26. exd5 Qxd5
27. Rdd2 Kh7 28. Re5 Qc4 29. Rf5 Rc6 30. Rf3 Rxf3 31. gxf3 Qf1+ 32. Rd1 Qxf3
33. Qb3 Qf4+ 34. Rd2 Rg6 35. Qd3 Kg8 36. Kb1 Rg3 37. Qe2 Rxh3 38. d5 Qb4+ 39.
Kc1 Rh1+ 40. Rd1 Qf4+ 41. Kb1 Rh2 42. Qe8+ Kh7 43. d6 Qc4 0-1

[Event "Ciudad de Pamplona Op"]
[Site "Pamplona ESP"]
[Date "2006.12.23"]
[Round "2.9"]
[White "Barrenechea Bahamonde, Gustavo"]
[Black "Sorozabal Ostolaza, Jose Maria"]
[Result "1-0"]
[WhiteElo "2183"]
[BlackElo "1913"]
[PlyCount "65"]
[EventDate "2006.12.22"]
[EventType "swiss"]
[EventRounds "9"]
[EventCountry "ESP"]
[Source ""]
[SourceDate "2006.12.22"]

1. e4 e6 2. Nf3 d5 3. e5 c5 4. d4 Nc6 5. Bd3 Bd7 6. O-O cxd4 7. Bf4 h6 8. Nbd2
g5 9. Bg3 h5 10. h4 Be7 11. hxg5 Bxg5 12. Nxg5 Qxg5 13. Nf3 Qg7 14. Qe2 Nh6 15.
a3 Ng4 16. b4 h4 17. Bf4 h3 18. g3 Rh5 19. Rfe1 h2+ 20. Kh1 O-O-O 21. b5 Ne7
22. Nxd4 Rg8 23. a4 Nf5 24. Nxf5 exf5 25. a5 d4 26. Ra4 Qg6 27. Rc4+ Kd8 28.
Rxd4 Ke7 29. Qf3 Rd8 30. Rd6 Be6 31. Qxb7+ Ke8 32. Re2 Rd7 33. Qc6 1-0

[Event "Ciudad de Pamplona Op"]
[Site "Pamplona ESP"]
[Date "2006.12.23"]
[Round "2.10"]
[White "Mauleon Gutierrez, Iraitz"]
[Black "Villuendas Valero, Adrian"]
[Result "0-1"]
[WhiteElo "1797"]
[BlackElo "2191"]
[PlyCount "58"]
[EventDate "2006.12.22"]
[EventType "swiss"]
[EventRounds "9"]
[EventCountry "ESP"]
[Source ""]
[SourceDate "2006.12.22"]

1. e4 c5 2. Nf3 d6 3. d4 Nf6 4. Nc3 cxd4 5. Nxd4 a6 6. Be3 e5 7. Nb3 Be6 8. Nd5
Nbd7 9. f3 Bxd5 10. exd5 Be7 11. c4 O-O 12. Qd2 b6 13. g4 a5 14. Qg2 Nc5 15.
Nd2 Nfd7 16. O-O-O Bg5 17. Bf2 a4 18. Kb1 a3 19. b3 Qc7 20. h4 Bf4 21. Be2 b5
22. Be1 Nb6 23. cxb5 Rfc8 24. Nc4 Nca4 25. Bb4 Nxc4 26. bxc4 Nb2 27. Qf1 Ra4
28. Qe1 Nxc4 29. Rd3 Nd2+ 0-1

[Event "Ciudad de Pamplona Op"]
[Site "Pamplona ESP"]
[Date "2006.12.23"]
[Round "3.1"]
[White "Ros Octavio de Toledo, Eduardo"]
[Black "Strikovic, Aleksa"]
[Result "0-1"]
[WhiteElo "2170"]
[BlackElo "2535"]
[PlyCount "98"]
[EventDate "2006.12.22"]
[EventType "swiss"]
[EventRounds "9"]
[EventCountry "ESP"]
[Source ""]
[SourceDate "2006.12.22"]

1. e4 c5 2. c3 Nf6 3. e5 Nd5 4. Nf3 e6 5. g3 d6 6. Bg2 Nc6 7. exd6 Bxd6 8. O-O
O-O 9. d4 cxd4 10. cxd4 Bd7 11. Nc3 Nxc3 12. bxc3 Rc8 13. Ng5 Be7 14. h4 h6 15.
Ne4 b6 16. Bf4 Na5 17. Qd3 Bc6 18. Rfd1 Bd5 19. Qe2 f5 20. Nd2 Rxc3 21. Nf3 Nc6
22. Rd2 Bb4 23. Rdd1 Ba3 24. h5 Re8 25. Be5 Qd7 26. Nh4 Bxg2 27. Nxg2 Nb4 28.
Nf4 Nd5 29. Rd3 Rec8 30. Rad1 Rc2 31. Qf3 Bf8 32. R3d2 Nxf4 33. Bxf4 Qd5 34.
Qe2 Rxd2 35. Qxd2 Rc4 36. Be5 b5 37. Qa5 Ra4 38. Qc7 Rxa2 39. Rc1 Qf3 40. Rf1
Qxh5 41. Qd7 b4 42. Qxe6+ Qf7 43. Qc8 b3 44. Rb1 a5 45. Bd6 a4 46. Re1 b2 47.
Bxf8 Ra1 48. Bd6+ Kh7 49. Qc3 Qb7 0-1

[Event "Ciudad de Pamplona Op"]
[Site "Pamplona ESP"]
[Date "2006.12.23"]
[Round "3.2"]
[White "Conquest, Stuart"]
[Black "Burguete Archel, Eduardo"]
[Result "1-0"]
[WhiteElo "2530"]
[BlackElo "2121"]
[PlyCount "91"]
[EventDate "2006.12.22"]
[EventType "swiss"]
[EventRounds "9"]
[EventCountry "ESP"]
[Source ""]
[SourceDate "2006.12.22"]

1. d4 Nf6 2. c4 e6 3. Nc3 c5 4. d5 exd5 5. cxd5 d6 6. e4 g6 7. Bd3 Bg7 8. Nge2
O-O 9. O-O Re8 10. f3 Na6 11. Kh1 Nc7 12. Bg5 h6 13. Bh4 a6 14. a4 Rb8 15. Rb1
b5 16. axb5 Nxb5 17. Bxb5 axb5 18. b4 c4 19. Ra1 Bd7 20. Ra2 Qc7 21. Qd2 Ra8
22. Rfa1 Qb7 23. Bf2 Rxa2 24. Qxa2 Rb8 25. Bd4 Ne8 26. Bxg7 Kxg7 27. Qa7 Kg8
28. Ra6 Kf8 29. Nd4 Ke7 30. Nc6+ Bxc6 31. dxc6 Qxa7 32. Rxa7+ Ke6 33. Kg1 Ke5
34. Kf2 Kd4 35. c7 Nxc7 36. Ne2+ Kd3 37. Rxc7 Ra8 38. Rc6 Rd8 39. Nf4+ Kd4 40.
Ke2 g5 41. Nd5 f5 42. Nc7 Kc3 43. Rxd6 Rf8 44. e5 Kxb4 45. e6 Kc5 46. e7 1-0

[Event "Ciudad de Pamplona Op"]
[Site "Pamplona ESP"]
[Date "2006.12.23"]
[Round "3.3"]
[White "Alcaide Luque, Aitor"]
[Black "Magem Badals, Jordi"]
[Result "1/2-1/2"]
[WhiteElo "2088"]
[BlackElo "2487"]
[PlyCount "36"]
[EventDate "2006.12.22"]
[EventType "swiss"]
[EventRounds "9"]
[EventCountry "ESP"]
[Source ""]
[SourceDate "2006.12.22"]

1. d4 d5 2. c4 e6 3. Nc3 c6 4. e4 Bb4 5. Bd2 Ne7 6. Nf3 O-O 7. Bd3 c5 8. e5 h6
9. O-O cxd4 10. Nxd5 Nxd5 11. cxd5 Bxd2 12. Qxd2 Qxd5 13. Qf4 Nc6 14. Rfd1 Bd7
15. Be4 Qb5 16. Bd3 Qd5 17. Be4 Qb5 18. Bd3 Qd5 1/2-1/2

[Event "Ciudad de Pamplona Op"]
[Site "Pamplona ESP"]
[Date "2006.12.23"]
[Round "3.4"]
[White "Argaya Urdaniz, Miguel"]
[Black "Oms Fuentes, Lluis"]
[Result "0-1"]
[WhiteElo "2084"]
[BlackElo "2327"]
[PlyCount "106"]
[EventDate "2006.12.22"]
[EventType "swiss"]
[EventRounds "9"]
[EventCountry "ESP"]
[Source ""]
[SourceDate "2006.12.22"]

1. e4 c5 2. Nf3 Nc6 3. d4 cxd4 4. Nxd4 Nf6 5. Nc3 e6 6. Nxc6 bxc6 7. e5 Nd5 8.
Ne4 Qa5+ 9. Bd2 Qc7 10. f4 Qb6 11. c4 Qd4 12. Qb1 Rb8 13. b3 Nb4 14. Nc3 Bc5
15. a3 Na6 16. b4 Qf2+ 17. Kd1 Be3 18. Qd3 Bxd2 19. Qxd2 Qb6 20. c5 Qd8 21. Qd6
Nc7 22. Kc2 a5 23. Rb1 axb4 24. axb4 Bb7 25. g3 Rc8 26. Ra1 Nd5 27. Nxd5 cxd5
28. Bb5 Bc6 29. Ba6 Rb8 30. Rhb1 d4 31. Kd3 f5 32. Kxd4 g5 33. Be2 Kf7 34. Ra7
Kg6 35. Ke3 Kh6 36. b5 gxf4+ 37. gxf4 Qh4 38. Bd3 Qh3+ 39. Kd4 Be4 40. Rd1 Qf3
41. Rxd7 Qxd1 42. Qxe6+ Kh5 43. Qf7+ Kh4 44. Qf6+ Kh3 45. Ke3 Qe1+ 46. Be2 Rxb5
47. Qh6+ Kg2 48. Qg5+ Kh1 49. Rd1 Rb3+ 50. Kd4 Rd3+ 51. Rxd3 Qxe2 52. Rc3 Qd2+
53. Kc4 Bd5+ 0-1

[Event "Ciudad de Pamplona Op"]
[Site "Pamplona ESP"]
[Date "2006.12.23"]
[Round "3.5"]
[White "De Pablos Fernandez, Mariano"]
[Black "Cortes Lizano, Jesus"]
[Result "0-1"]
[WhiteElo "2003"]
[BlackElo "2270"]
[PlyCount "76"]
[EventDate "2006.12.22"]
[EventType "swiss"]
[EventRounds "9"]
[EventCountry "ESP"]
[Source ""]
[SourceDate "2006.12.22"]

1. d4 Nf6 2. Nf3 e6 3. c3 Be7 4. Bg5 b6 5. Nbd2 Bb7 6. e3 d6 7. Bd3 Nbd7 8. O-O
O-O 9. e4 h6 10. Bf4 Re8 11. Qe2 a6 12. Rad1 Nh5 13. Be3 c5 14. Ne1 Nhf6 15. f4
Nf8 16. Rf3 Ng4 17. Rg3 Nxe3 18. Qxe3 cxd4 19. cxd4 e5 20. Nef3 Ng6 21. f5 Nf4
22. Bc4 Bf6 23. Nf1 Qe7 24. d5 b5 25. Bb3 Rec8 26. h3 a5 27. a4 Qd7 28. axb5 a4
29. Ba2 Qxb5 30. N1h2 Ne2+ 31. Kf2 Rc2 32. Ng4 Nxg3+ 33. Kxg3 Kf8 34. Nxf6 gxf6
35. Qxh6+ Ke7 36. Bb1 Rg8+ 37. Kh4 Rcxg2 38. Bd3 Qe8 0-1

[Event "Ciudad de Pamplona Op"]
[Site "Pamplona ESP"]
[Date "2006.12.23"]
[Round "3.6"]
[White "Ugalde Ezcurra, Jose Miguel"]
[Black "Ballina Amandi, Casimiro"]
[Result "1-0"]
[WhiteElo "2215"]
[BlackElo "1938"]
[PlyCount "71"]
[EventDate "2006.12.22"]
[EventType "swiss"]
[EventRounds "9"]
[EventCountry "ESP"]
[Source ""]
[SourceDate "2006.12.22"]

1. d4 Nf6 2. Nf3 g6 3. c4 Bg7 4. g3 O-O 5. Bg2 d6 6. Nc3 c6 7. O-O Qc7 8. e4
Nbd7 9. h3 e5 10. Be3 a6 11. Rc1 Re8 12. b4 exd4 13. Nxd4 Ne5 14. Qe2 Be6 15.
Nxe6 fxe6 16. f4 Nf7 17. Kh2 Qe7 18. Rc2 Rf8 19. a3 Nd7 20. Na4 Rae8 21. Rd2 b5
22. Nb2 d5 23. cxd5 cxd5 24. Qd1 Rd8 25. exd5 exd5 26. Bd4 Bxd4 27. Rxd4 Nf6
28. Re1 Qb7 29. Nd3 Qb6 30. Nc5 a5 31. Re6 Rd6 32. Rxf6 Rxf6 33. Nd7 Qa6 34.
Rxd5 axb4 35. axb4 Re6 36. Nc5 1-0

[Event "Ciudad de Pamplona Op"]
[Site "Pamplona ESP"]
[Date "2006.12.23"]
[Round "3.7"]
[White "Labena Bernal, Antonio"]
[Black "Barrenechea Bahamonde, Gustavo"]
[Result "1-0"]
[WhiteElo "2045"]
[BlackElo "2183"]
[PlyCount "59"]
[EventDate "2006.12.22"]
[EventType "swiss"]
[EventRounds "9"]
[EventCountry "ESP"]
[Source ""]
[SourceDate "2006.12.22"]

1. e4 c5 2. c3 d5 3. exd5 Qxd5 4. d4 g6 5. Na3 cxd4 6. Nb5 Na6 7. Qxd4 Nf6 8.
Be3 Qxd4 9. Bxd4 b6 10. Nd6+ exd6 11. Bxf6 Rg8 12. Bb5+ Bd7 13. Bxa6 b5 14. Bb7
Rb8 15. Bf3 b4 16. Ne2 g5 17. O-O Rg6 18. Bd4 g4 19. Be4 f5 20. Bd5 Bh6 21. Be3
bxc3 22. bxc3 Bg7 23. Rac1 Be5 24. Rfe1 Ke7 25. Nf4 Rh6 26. Nd3 Rg6 27. Bd4 Rf8
28. Bxe5 dxe5 29. Nxe5 Rg7 30. Ng6+ 1-0

[Event "Ciudad de Pamplona Op"]
[Site "Pamplona ESP"]
[Date "2006.12.23"]
[Round "3.9"]
[White "Leranoz Zabalza, Adrian"]
[Black "Lakunza Oyarbide, Juan Carlos"]
[Result "0-1"]
[WhiteElo "2026"]
[BlackElo "2176"]
[PlyCount "42"]
[EventDate "2006.12.22"]
[EventType "swiss"]
[EventRounds "9"]
[EventCountry "ESP"]
[Source ""]
[SourceDate "2006.12.22"]

1. e4 e5 2. Bc4 Nf6 3. d3 Nc6 4. Nc3 Bc5 5. f4 d6 6. Nf3 Bg4 7. f5 Nd4 8. Bg5
c6 9. h3 Bxf3 10. gxf3 b5 11. Bb3 h6 12. Bh4 a5 13. a3 g5 14. fxg6 fxg6 15. Ba2
Rf8 16. Bf2 Nh5 17. f4 Rxf4 18. h4 Rxf2 19. Kxf2 Qf6+ 20. Ke1 Nf3+ 21. Kf1 Nd2+
0-1

[Event "Ciudad de Pamplona Op"]
[Site "Pamplona ESP"]
[Date "2006.12.23"]
[Round "3.10"]
[White "Ruiz Escobar, Rafael"]
[Black "Gomez Anadon, Daniel"]
[Result "1-0"]
[WhiteElo "1939"]
[BlackElo "2268"]
[PlyCount "135"]
[EventDate "2006.12.22"]
[EventType "swiss"]
[EventRounds "9"]
[EventCountry "ESP"]
[Source ""]
[SourceDate "2006.12.22"]

1. Nf3 d5 2. d4 Nf6 3. Bf4 c5 4. e3 Nc6 5. Nc3 a6 6. Be2 Bf5 7. O-O e6 8. h3
Be7 9. Re1 Ne4 10. Nxe4 Bxe4 11. c3 O-O 12. Bd3 Bxd3 13. Qxd3 Rc8 14. Rad1 Qb6
15. Qe2 Rfe8 16. Ne5 Qa5 17. a3 Nd8 18. Qg4 Qb5 19. e4 dxe4 20. Bh6 g6 21. Rxe4
cxd4 22. Rdxd4 Qxb2 23. Rd7 Qxa3 24. Qf3 f6 25. Nc4 Qc5 26. Nd6 Nf7 27. Nxe8
Rxe8 28. Be3 Qc6 29. Rd1 f5 30. Red4 Qxf3 31. gxf3 Ne5 32. Kg2 Rc8 33. f4 Nc4
34. Rd7 Nxe3+ 35. fxe3 Bf6 36. Rxb7 Bxc3 37. Rd6 e5 38. fxe5 Bxe5 39. Rxa6 Re8
40. Raa7 Bf6 41. Kf3 h6 42. Rf7 Rf8 43. Rxf8+ Kxf8 44. e4 fxe4+ 45. Kxe4 Be7
46. Kd5 Kf7 47. Ra2 g5 48. Ke5 h5 49. Rf2+ Kg6 50. Ke6 Bb4 51. Rf6+ Kg7 52. Kf5
Be7 53. Rg6+ Kf7 54. Rh6 g4 55. Rh7+ Kf8 56. Ke6 Bb4 57. Rf7+ Ke8 58. Rb7 Ba5
59. Ra7 Bc3 60. Rc7 Ba5 61. Rc5 Bb6 62. Rxh5 Kf8 63. hxg4 Bd4 64. Rh7 Kg8 65.
Rd7 Bc3 66. g5 Bb2 67. Kf5 Kf8 68. Kg6 1-0

[Event "Ciudad de Pamplona Op"]
[Site "Pamplona ESP"]
[Date "2006.12.24"]
[Round "4.1"]
[White "Strikovic, Aleksa"]
[Black "Ugalde Ezcurra, Jose Miguel"]
[Result "1-0"]
[WhiteElo "2509"]
[BlackElo "2204"]
[PlyCount "98"]
[EventDate "2006.12.22"]
[EventType "swiss"]
[EventRounds "9"]
[EventCountry "ESP"]
[Source ""]
[SourceDate "2006.12.22"]

1. c4 e6 2. Nf3 d5 3. g3 Nf6 4. Bg2 Be7 5. O-O O-O 6. b3 Nbd7 7. Bb2 b6 8. cxd5
exd5 9. Nd4 Bb7 10. Nf5 Re8 11. Nxe7+ Qxe7 12. Re1 c5 13. d4 Ne4 14. e3 Qf6 15.
f3 Ng5 16. Qe2 Qh6 17. Nd2 a5 18. h4 Ne6 19. Qf2 Nf6 20. Nf1 Qg6 21. g4 cxd4
22. Bxd4 Nxd4 23. exd4 Qd3 24. Ng3 g6 25. Rec1 Rac8 26. Bf1 Qe3 27. Rxc8 Qxf2+
28. Kxf2 Rxc8 29. Bd3 Rc3 30. Ke2 Bc8 31. Kd2 Rc7 32. Ne2 h5 33. g5 Ne8 34. Nf4
Bb7 35. Re1 Kf8 36. a3 Re7 37. Rb1 Rc7 38. Ne2 Nd6 39. Nc3 Ke8 40. Re1+ Re7 41.
Re5 Kd8 42. f4 Bc6 43. Ke3 Kd7 44. f5 Rxe5+ 45. dxe5 Nxf5+ 46. Bxf5+ gxf5 47.
Ne2 a4 48. b4 Bb5 49. Nf4 Bf1 1-0

[Event "Ciudad de Pamplona Op"]
[Site "Pamplona ESP"]
[Date "2006.12.24"]
[Round "4.2"]
[White "Cortes Lizano, Jesus"]
[Black "Conquest, Stuart"]
[Result "0-1"]
[WhiteElo "2287"]
[BlackElo "2549"]
[PlyCount "86"]
[EventDate "2006.12.22"]
[EventType "swiss"]
[EventRounds "9"]
[EventCountry "ESP"]
[Source ""]
[SourceDate "2006.12.22"]

1. c4 e5 2. Nc3 Nf6 3. Nf3 Nc6 4. a3 g6 5. d3 h6 6. b4 d6 7. g3 Bg7 8. Rb1 Be6
9. Bg2 Qd7 10. O-O O-O 11. Re1 Bh3 12. Bh1 Ng4 13. b5 Ne7 14. Qb3 Qf5 15. Nd5
Nxd5 16. cxd5 Qh5 17. Rb2 f5 18. e4 Rf7 19. Nd2 Nxf2 20. Kxf2 fxe4+ 21. Kg1 Qf5
22. Bf3 exf3 23. Ne4 Qh5 24. Nf2 g5 25. Qa4 Bd7 26. Qa5 b6 27. Qb4 a6 28. bxa6
Rxa6 29. Rc2 Ra4 30. Qb3 Ra7 31. Rc4 Re7 32. Be3 Qf7 33. Rc3 Ba4 34. Qc4 Ra5
35. Qg4 Bd7 36. Qb4 Be8 37. Rec1 Rxd5 38. Qb3 c6 39. Qxb6 Rb5 40. Qd8 Rd7 41.
Qc8 c5 42. Qa6 Rb2 43. a4 Re2 0-1

[Event "Ciudad de Pamplona Op"]
[Site "Pamplona ESP"]
[Date "2006.12.24"]
[Round "4.3"]
[White "Oms Fuentes, Lluis"]
[Black "Villuendas Valero, Adrian"]
[Result "1/2-1/2"]
[WhiteElo "2281"]
[BlackElo "2191"]
[PlyCount "27"]
[EventDate "2006.12.22"]
[EventType "swiss"]
[EventRounds "9"]
[EventCountry "ESP"]
[Source ""]
[SourceDate "2006.12.22"]

1. e4 e5 2. Nc3 Nf6 3. g3 c6 4. d4 Bb4 5. Bg2 d5 6. dxe5 Nxe4 7. Bxe4 dxe4 8.
Qxd8+ Kxd8 9. Bg5+ Kc7 10. O-O-O Bxc3 11. bxc3 Be6 12. Kb2 Nd7 13. Be7 Nb6 14.
Ne2 1/2-1/2

[Event "Ciudad de Pamplona Op"]
[Site "Pamplona ESP"]
[Date "2006.12.24"]
[Round "4.4"]
[White "Magem Badals, Jordi"]
[Black "Labena Bernal, Antonio"]
[Result "1-0"]
[WhiteElo "2489"]
[BlackElo "2045"]
[PlyCount "49"]
[EventDate "2006.12.22"]
[EventType "swiss"]
[EventRounds "9"]
[EventCountry "ESP"]
[Source ""]
[SourceDate "2006.12.22"]

1. e4 e5 2. Nf3 Nc6 3. Bb5 a6 4. Ba4 Nf6 5. O-O Be7 6. Re1 b5 7. Bb3 d6 8. c3
O-O 9. h3 Nb8 10. d3 Nbd7 11. Nbd2 Bb7 12. Nf1 Re8 13. Ne3 g6 14. Nh2 Nc5 15.
Bc2 d5 16. exd5 Nxd5 17. Neg4 Bd6 18. Nf3 Nd7 19. d4 e4 20. Rxe4 Rxe4 21. Bxe4
Nxc3 22. Nh6+ Kg7 23. bxc3 Bxe4 24. Nxf7 Kxf7 25. Ng5+ 1-0

[Event "Ciudad de Pamplona Op"]
[Site "Pamplona ESP"]
[Date "2006.12.24"]
[Round "4.5"]
[White "Moreno Gracia, Daniel"]
[Black "Ruiz Escobar, Rafael"]
[Result "1-0"]
[WhiteElo "2178"]
[BlackElo "1939"]
[PlyCount "115"]
[EventDate "2006.12.22"]
[EventType "swiss"]
[EventRounds "9"]
[EventCountry "ESP"]
[Source ""]
[SourceDate "2006.12.22"]

1. e4 e5 2. Bc4 Nf6 3. d3 c6 4. Nf3 Be7 5. O-O d6 6. Nbd2 O-O 7. Re1 a5 8. a3
Nbd7 9. Nf1 Nb6 10. Ba2 h6 11. Ng3 Be6 12. h3 Nbd7 13. d4 Bxa2 14. Rxa2 Re8 15.
Be3 Bf8 16. Qd2 exd4 17. Bxd4 Ne5 18. Qc3 Qc7 19. Raa1 Nfd7 20. Rad1 Nxf3+ 21.
Qxf3 Ne5 22. Qe2 Ng6 23. Qd2 c5 24. Be3 Ne5 25. Qd5 Rad8 26. Nf5 b5 27. Bf4 Kh7
28. Qd2 a4 29. Ne3 f6 30. Nd5 Qf7 31. Bxe5 dxe5 32. c4 b4 33. Qc2 b3 34. Qe2
Qa7 35. Rd3 Qa6 36. Qd2 Qc6 37. Rd1 Kh8 38. f3 Qb7 39. Nc3 Rd4 40. Rxd4 cxd4
41. Nd5 Qc6 42. Rc1 Rc8 43. Kf1 Rb8 44. Qd3 Rb7 45. Kg1 g6 46. Kh2 h5 47. g3
Rd7 48. f4 f5 49. fxe5 Bg7 50. Qxd4 fxe4 51. Qxe4 Qe6 52. Re1 Rf7 53. Nf4 Qb6
54. Re2 Rf5 55. e6 Re5 56. Nxg6+ Kg8 57. Nxe5 Qxe6 58. Qd5 1-0

[Event "Ciudad de Pamplona Op"]
[Site "Pamplona ESP"]
[Date "2006.12.24"]
[Round "4.6"]
[White "Redin Miqueleiz, Jose Manuel"]
[Black "Alcaide Luque, Aitor"]
[Result "0-1"]
[WhiteElo "2179"]
[BlackElo "2088"]
[PlyCount "52"]
[EventDate "2006.12.22"]
[EventType "swiss"]
[EventRounds "9"]
[EventCountry "ESP"]
[Source ""]
[SourceDate "2006.12.22"]

1. e4 e6 2. d4 d5 3. Nc3 Bb4 4. e5 c5 5. a3 Bxc3+ 6. bxc3 Qc7 7. Nf3 b6 8. a4
Ba6 9. Bb5+ Bxb5 10. axb5 a5 11. O-O Nd7 12. c4 Qb7 13. cxd5 Qxd5 14. Qe2 Qb7
15. Nd2 Ne7 16. Nc4 Nf5 17. dxc5 Nxc5 18. Ba3 Rc8 19. Rfd1 O-O 20. Nd6 Nxd6 21.
Rxd6 Rfd8 22. Bxc5 bxc5 23. Rxa5 Rxd6 24. exd6 Qd5 25. Qd3 Qe5 26. g3 Qe1+ 0-1